| 000 | 00804nam a22002297a 4500 | ||
|---|---|---|---|
| 999 |
_c3171 _d3171 |
||
| 003 | AR-CdUCM | ||
| 008 | 190306b ||||| |||| 00| 0 spa d | ||
| 020 | _a958-06-1214-6 | ||
| 040 |
_aMUNICIPALIDAD PROVINCIAL DEL CUSCO _cBIBLIOTECA MUNICIPAL DEL CUSCO |
||
| 082 |
_a840 / _bM63 |
||
| 100 |
_aMirande, Jacqueline _910671 |
||
| 245 | _aEl papagayo azul / | ||
| 260 |
_aColombia : _bEditoriall printer colombia, _c1990. |
||
| 300 |
_a173 paginas ; _c19 cm. |
||
| 505 | _aContenido :El hombre de la cabaƱa -- La trampa -- La fiesta en la escarderie -- La vendimia -- La llegada a nantes ... | ||
| 650 |
_aCuentos latinos _910672 |
||
| 650 |
_aLiteratura colombiana _98673 |
||
| 650 |
_aHistoria francesa _91608 |
||
| 700 |
_aAmorocho , luz (traductor) _910673 |
||
| 942 |
_2ddc _cLIBROS |
||
| 945 | _arum | ||